Statistics for Name all U.S. State Governors

Click here to take the quiz!

General Stats

  • This quiz has been taken 361 times
    (350 since last reset)
  • The average score is 20 of 50

Answer Stats

HintAnswer% Correct
Florida (R)Ron DeSantis
89%
California (D)Gavin Newsom
79%
Texas (R)Greg Abbott
73%
Georgia (R)Brian Kemp
64%
New York (D)Kathy Hochul
64%
Michigan (D)Gretchen Whitmer
62%
Arkansas (R)Sarah Huckabee Sanders
55%
Virginia (R)Glenn Youngkin
54%
New Hampshire (R)Chris Sununu
51%
Pennsylvania (D)Josh Shapiro
51%
Alabama (R)Kay Ivey
48%
Ohio (R)Mike DeWine
48%
Arizona (D)Katie Hobbs
47%
Wisconsin (D)Tony Evers
46%
Colorado (D)Jared Polis
45%
North Carolina (D)Roy Cooper
45%
South Dakota (R)Kristi Noem
44%
Vermont (R)Phil Scott
43%
Kentucky (D)Andy Beshear
42%
Tennessee (R)Bill Lee
42%
Louisiana (D)John Bel Edwards
42%
Kansas (D)Laura Kelly
42%
New Jersey (D)Phil Murphy
42%
West Virginia (R)Jim Justice
40%
Washington (D)Jay Inslee
39%
Mississippi (R)Tate Reeves
37%
Iowa (R)Kim Reynolds
36%
Connecticut (D)Ned Lamont
36%
Maryland (D)Wes Moore
36%
Nevada (R)Joe Lombardo
35%
Minnesota (D)Tim Walz
35%
South Carolina (R)Henry McMaster
33%
Oklahoma (R)Kevin Stitt
33%
New Mexico (D)Michelle Lujan Grisham
33%
Alaska (R)Mike Dunleavy
32%
Montana (R)Greg Gianforte
31%
Maine (D)Janet Mills
31%
Massachusetts (D)Maura Healy
31%
Oregon (D)Tina Kotek
31%
Illinois (D)J. B. Pritzker
28%
Hawaii (D)Josh Green
28%
Utah (R)Spencer Cox
28%
Indiana (R)Eric Holcomb
24%
Idaho (R)Brad Little
23%
North Dakota (R)Doug Burgum
23%
Missouri (R)Mike Parson
23%
Rhode Island (D)Dan McKee
20%
Nebraska (R)Jim Pillen
20%
Delaware (D)John Carney
19%
Wyoming (R)Mark Gordon
17%

Score Distribution

Percentile by Number Answered

Percent of People with Each Score

Your Score History

You have not taken this quiz since the last reset